000 00408pab a2200157 454500
008 180718b1988 xxu||||| |||| 00| 0 eng d
100 _aKamat, V.R.
245 _aComputerisation of ticket and cash according in B.E.S.T.
260 _c1988
300 _a10-14
362 _aNov.
650 _aComputers - Transportation
700 _aS.P. Orpe
773 _aJournal of Transport Management
909 _a6495
999 _c6495
_d6495